|
|
|
|
| LEADER |
01101nab a2200229 i 4500 |
| 001 |
misc63687 |
| 005 |
20230110142212.0 |
| 008 |
220801s1960 hu o 0|| ger d |
| 040 |
|
|
|a SZTE Miscellanea Repozitórium
|b hun
|
| 041 |
|
|
|a ger
|
| 041 |
|
|
|a chi
|
| 100 |
1 |
|
|a Menges Karl Heinrich
|
| 245 |
1 |
4 |
|a Die türkischen Sprachen Süd-Sibiriens Tuba (Sojon ung Karaġas)
|h [elektronikus dokumentum] :
|b zur Charakteristik einer einzelnen Sibirisch-türkischen Gruppe /
|c Menges Karl Heinrich
|
| 260 |
|
|
|a Mouton ; Harrassowitz
|b The Hague ; Wiesbaden
|c 1960
|
| 300 |
|
|
|a [84] p.
|c 24 cm
|
| 490 |
0 |
|
|a Central Asiatic journal : international periodical for the languages, literature, history and archaeology of Central Asia;Central Asiatic journal : international periodical for the languages, literature, history and archaeology of Central Asia
|
| 561 |
|
|
|a Németh Gyula hagyaték
|
| 591 |
|
|
|a NOA 3591
|
| 650 |
|
4 |
|a Bölcsészettudományok
|
| 650 |
|
4 |
|a Nyelvek és irodalom
|
| 695 |
|
|
|a Török nyelvek - Szibéria
|
| 856 |
4 |
0 |
|u http://misc.bibl.u-szeged.hu/63687/1/3591_noa_m53.pdf
|z Dokumentum-elérés
|